|
|
|
|
| LEADER |
00000nam a22000007a 4500 |
| 005 |
20210813102343.0 |
| 007 |
cr|||| |||| |
| 008 |
210813s2017 ca |||||s|||| 00||0 eng d |
| 020 |
|
|
|a 978-155221-465-7
|
| 035 |
|
|
|a 34992
|
| 040 |
|
|
|a vLex
|
| 090 |
|
|
|c 12003
|d 12003
|
| 100 |
1 |
|
|a Schneider, Richard D.
|
| 245 |
1 |
0 |
|a Mental Disorder and the Law
|h [Recurso electrn̤ico] :
|b A Primer for Legal and Mental Health Professionals /
|c Richard D. Schneider, Hy Bloom
|
| 256 |
|
|
|a Servicio en ln̕ea
|
| 260 |
|
|
|a Toronto:
|b Irwin Law Inc.,
|c 2017
|
| 300 |
|
|
|a 1 recurso electrn̤ico
|
| 506 |
1 |
|
|a Disponible solo en los productos indicados
|d vLex Global
|d vLex Global (Academic Edition, excluding Law Schools)
|d vLex Global (U.S. Academic Edition, Law Schools)
|d vLex Global (U.S. Academic Edition, excluding Law Schools)
|d vLex Global (Academic Edition, Law Schools)
|
| 650 |
0 |
4 |
|a Derecho Penal
|z Canad̀
|
| 700 |
1 |
|
|a Bloom, Hy
|
| 740 |
0 |
|
|a vLex Libros (Servicio en ln̕ea)
|
| 856 |
4 |
0 |
|u https://app.vlex.com/#/sources/34992
|z Acceso restringido
|
| 942 |
|
|
|c BOOK
|
| 999 |
0 |
|
|a Criminal law
|